[Event "Wch U16"]
[Site "Yerevan ARM"]
[Date "1997.09.28"]
[Round "7"]
[White "Charbonneau, Pascal"]
[Black "Shinkevich, Vitaly"]
[Result "1/2-1/2"]
[WhiteElo "2120"]
[BlackElo "2375"]
[PlyCount "45"]
[GameId "2129405172773975"]
[EventDate "1997.09.21"]
[EventType "swiss"]
[EventRounds "11"]
[EventCountry "ARM"]
[SourceTitle "EXT 2008"]
[Source "ChessBase"]
[SourceDate "2007.11.25"]
[SourceVersion "1"]
[SourceVersionDate "2007.11.25"]
[SourceQuality "1"]

1. e4 e5 2. Nf3 Nc6 3. d4 exd4 4. Nxd4 Bb4+ 5. c3 Be7 6. Bc4 Nf6 7. Nxc6 bxc6 8. e5 Ne4 9. Qf3 d5 10. exd6 Nxd6 11. Bb3 O-O 12. O-O Ba6 13. Re1 c5 14. Be3 Nc4 15. Qc6 Qd6 16. Qxd6 Bxd6 17. Bxc4 Bxc4 18. Nd2 Bd3 19. Nb3 c4 20. Nc5 Bg6 21. Nb7 Rfb8 22. Nxd6 cxd6 23. b4 1/2-1/2

[Event "Wch U16"]
[Site "Yerevan ARM"]
[Date "1997.09.30"]
[Round "9"]
[White "Charbonneau, Pascal"]
[Black "Arutinian, David"]
[Result "1-0"]
[WhiteElo "2120"]
[BlackElo "2275"]
[PlyCount "137"]
[GameId "2129405172774012"]
[EventDate "1997.09.21"]
[EventType "swiss"]
[EventRounds "11"]
[EventCountry "ARM"]
[SourceTitle "EXT 2008"]
[Source "ChessBase"]
[SourceDate "2007.11.25"]
[SourceVersion "1"]
[SourceVersionDate "2007.11.25"]
[SourceQuality "1"]

1. e4 c5 2. Nf3 Nc6 3. Nc3 Nf6 4. e5 Ng4 5. Qe2 d6 6. exd6 Qxd6 7. Ne4 Qd5 8. c4 Qh5 9. Ng3 Qg6 10. d3 h5 11. Ne4 b6 12. Bf4 e5 13. h3 exf4 14. hxg4 Bxg4 15. Nf6+ Kd8 16. Qe8+ Kc7 17. Qxc6+ Kxc6 18. Ne5+ Kd6 19. Nxg6 gxf6 20. Nxh8 Bg7 21. Nxf7+ Ke7 22. Be2 Kxf7 23. Kd2 Bf5 24. Rxh5 Bg6 25. Rd5 f5 26. Bf3 Re8 27. Rd7+ Re7 28. Bd5+ Kf8 29. Rd8+ Re8 30. Rxe8+ Bxe8 31. Rb1 a5 32. b3 Bd4 33. Ke2 Bh5+ 34. Bf3 Bf7 35. Rh1 Kg7 36. Bh5 Be6 37. Kf3 Bd7 38. Rh4 Kf6 39. Kxf4 Bxf2 40. Rh1 Bd4 41. Re1 Bf2 42. Rf1 Bd4 43. Bf3 Be5+ 44. Ke3 Bd4+ 45. Kd2 Kg5 46. Re1 Kf6 47. Bb7 Kf7 48. Ke2 Kf6 49. Kf3 Be5 50. Rh1 Kg6 51. Rh3 Kg7 52. Bd5 Kg6 53. Bg8 Bc6+ 54. Kf2 Bd7 55. Kf1 Bc6 56. Be6 Bb7 57. g4 fxg4 58. Bxg4 Bf6 59. Bf3 Bc8 60. Be4+ Kf7 61. Rh7+ Bg7 62. Kf2 Kf6 63. Kf3 Ba6 64. Bd5 Bc8 65. Kf4 a4 66. Rxg7 Kxg7 67. Ke5 axb3 68. axb3 Ba6 69. Bc6 1-0

[Event "Wch U16"]
[Site "Yerevan ARM"]
[Date "1997.10.01"]
[Round "10"]
[White "Pert, Nicholas"]
[Black "Charbonneau, Pascal"]
[Result "1/2-1/2"]
[WhiteElo "2240"]
[BlackElo "2120"]
[PlyCount "50"]
[GameId "2129405172774032"]
[EventDate "1997.09.21"]
[EventType "swiss"]
[EventRounds "11"]
[EventCountry "ARM"]
[SourceTitle "EXT 2008"]
[Source "ChessBase"]
[SourceDate "2007.11.25"]
[SourceVersion "1"]
[SourceVersionDate "2007.11.25"]
[SourceQuality "1"]

1. d4 d5 2. Nf3 Nf6 3. c4 dxc4 4. Nc3 a6 5. e4 b5 6. e5 Nd5 7. a4 Nxc3 8. bxc3 Qd5 9. Be2 Bb7 10. e6 Qxe6 11. Ng5 Qb6 12. Bf3 h6 13. a5 Qa7 14. d5 Nd7 15. Ne6 Nc5 16. Nxc7+ Kd8 17. Nxa8 Nd3+ 18. Kd2 Qxa8 19. Qe2 Bxd5 20. Kc2 Bxf3 21. gxf3 Qd5 22. Be3 Qf5 23. Bb6+ Kc8 24. Qe4 Qxe4 25. fxe4 e5 1/2-1/2

[Event "Wch U16"]
[Site "Yerevan ARM"]
[Date "1997.10.02"]
[Round "11"]
[White "Kobylkin, Evgeni"]
[Black "Charbonneau, Pascal"]
[Result "1/2-1/2"]
[WhiteElo "2355"]
[BlackElo "2120"]
[PlyCount "130"]
[GameId "2129405172774045"]
[EventDate "1997.09.21"]
[EventType "swiss"]
[EventRounds "11"]
[EventCountry "ARM"]
[SourceTitle "EXT 2008"]
[Source "ChessBase"]
[SourceDate "2007.11.25"]
[SourceVersion "1"]
[SourceVersionDate "2007.11.25"]
[SourceQuality "1"]

1. d4 d5 2. c4 dxc4 3. e4 Nf6 4. e5 Nd5 5. Bxc4 Nc6 6. Ne2 Nb6 7. Bb3 e6 8. O-O Nb4 9. Nbc3 Bd7 10. a3 N4d5 11. Nxd5 Nxd5 12. Bxd5 exd5 13. Qb3 Bc6 14. f4 f5 15. g4 g6 16. gxf5 gxf5 17. Qh3 Qd7 18. Ng3 Bb5 19. Rf3 Rg8 20. Kh1 O-O-O 21. Qxf5 Qxf5 22. Nxf5 Bd7 23. Ng3 Bg4 24. Rf2 h5 25. f5 h4 26. Ne2 c5 27. Be3 cxd4 28. Bxd4 Bh6 29. Nc3 Rgf8 30. Raf1 Bh3 31. e6 Bxf1 32. Rxf1 Bg5 33. f6 Rde8 34. f7 Rxe6 35. Bg7 Be7 36. Nxd5 Kd7 37. Bxf8 Bxf8 38. h3 Ra6 39. Nf6+ Ke7 40. Nh7 Re6 41. Rf2 Re3 42. Kh2 Re1 43. Rc2 Bg7 44. Rc7+ Kd6 45. Rxb7 Re2+ 46. Kg1 Kc6 47. Rb3 Bd4+ 48. Kh1 Re1+ 49. Kg2 Re2+ 50. Kf3 Rf2+ 51. Ke4 Rxf7 52. Kxd4 Rxh7 53. Rf3 Rd7+ 54. Kc3 Rg7 55. Kc4 Rg3 56. Rd3 Rg2 57. b3 Rc2+ 58. Kb4 Rc5 59. Rd4 Rb5+ 60. Ka4 Rh5 61. Rg4 Kb6 62. Rg6+ Kb7 63. b4 a6 64. Re6 Rh8 65. Kb3 Rf8 1/2-1/2

[Event "Wch U16"]
[Site "Yerevan"]
[Date "1997.09.26"]
[Round "6"]
[White "Khamrakulov, Ibragim S"]
[Black "Charbonneau, Pascal"]
[Result "0-1"]
[WhiteElo "2340"]
[BlackElo "2120"]
[PlyCount "48"]
[GameId "1166640571916288"]
[EventDate "1997.09.21"]
[EventType "swiss"]
[EventRounds "11"]
[EventCountry "ARM"]
[SourceTitle "EXT 2008"]
[Source "ChessBase"]
[SourceDate "2007.11.25"]
[SourceVersion "1"]
[SourceVersionDate "2007.11.25"]
[SourceQuality "1"]

1. e4 c5 2. c3 Nf6 3. e5 Nd5 4. d4 cxd4 5. Nf3 e6 6. cxd4 b6 7. Nc3 Nxc3 8. bxc3 Qc7 9. Bd2 Be7 10. c4 Nc6 11. Bc3 Na5 12. Bxa5 bxa5 13. Bd3 Bb4+ 14. Kf1 Ba6 15. c5 Bb7 16. Qc2 a4 17. Rb1 Ba5 18. Qxa4 Bc6 19. Bb5 Rb8 20. Ke2 Rxb5 21. Rxb5 a6 22. Rb8+ Ke7 23. Qxc6 Qxc6 24. Rxh8 Qe4+ 0-1

[Event "Wch U16"]
[Site "Yerevan"]
[Date "1997.09.29"]
[Round "8"]
[White "Gaprindashvili, Valeriane"]
[Black "Charbonneau, Pascal"]
[Result "1-0"]
[WhiteElo "2285"]
[BlackElo "2120"]
[PlyCount "61"]
[GameId "1166640572051456"]
[EventDate "1997.09.21"]
[EventType "swiss"]
[EventRounds "11"]
[EventCountry "ARM"]
[SourceTitle "EXT 2008"]
[Source "ChessBase"]
[SourceDate "2007.11.25"]
[SourceVersion "1"]
[SourceVersionDate "2007.11.25"]
[SourceQuality "1"]

1. d4 d5 2. c4 dxc4 3. Nf3 Nf6 4. e3 e6 5. Bxc4 c5 6. Qe2 a6 7. dxc5 Bxc5 8. O-O O-O 9. e4 Nc6 10. e5 Nd7 11. Bd3 g6 12. Bf4 Nd4 13. Nxd4 Bxd4 14. Rd1 Qc7 15. Bc4 Bxb2 16. Qxb2 Qxc4 17. Rd4 Qb5 18. Qd2 f6 19. Nc3 Qa5 20. Bh6 fxe5 21. Rd6 Rf7 22. Rd1 b5 23. Ne4 Qxd2 24. R6xd2 Nf8 25. Rd8 Bb7 26. Ng5 Rf6 27. Rxa8 Bxa8 28. Rc1 Rf5 29. Rc7 Rxg5 30. Bxg5 Bd5 31. Bf6 1-0

[Event "World op 26th"]
[Site "Philadelphia"]
[Date "1998.06.28"]
[Round "2"]
[White "Charbonneau, Pascal"]
[Black "Gulko, Boris F"]
[Result "0-1"]
[WhiteElo "2235"]
[BlackElo "2585"]
[PlyCount "64"]
[GameId "1166641153511424"]
[EventDate "1998.06.27"]
[EventType "swiss"]
[EventRounds "9"]
[EventCountry "USA"]
[SourceTitle "EXT 1999"]
[Source "ChessBase"]
[SourceDate "1998.11.10"]
[SourceVersion "1"]
[SourceVersionDate "1998.11.10"]
[SourceQuality "1"]

1. e4 e6 2. d3 c5 3. Nf3 Nc6 4. g3 g6 5. Bg2 Bg7 6. O-O Nge7 7. Nh4 O-O 8. f4 d6 9. Nc3 Rb8 10. Be3 f5 11. Qd2 b5 12. e5 Nd4 13. Nd1 dxe5 14. fxe5 Nd5 15. Bf2 b4 16. c3 bxc3 17. bxc3 Qa5 18. Re1 Ba6 19. Qc1 Nc6 20. c4 Nde7 21. Nf3 Rfd8 22. Qe3 Nd4 23. Nxd4 cxd4 24. Qe2 Bb7 25. g4 Bxg2 26. Kxg2 g5 27. h4 Ng6 28. Kh1 gxh4 29. gxf5 exf5 30. Qh5 Qd2 31. Bxh4 Re8 32. Nf2 Qf4 0-1

[Event "World op 26th"]
[Site "Philadelphia"]
[Date "1998.06.29"]
[Round "3"]
[White "Salomon, Eugene J"]
[Black "Charbonneau, Pascal"]
[Result "0-1"]
[WhiteElo "2200"]
[BlackElo "2235"]
[PlyCount "76"]
[GameId "1166641153773568"]
[EventDate "1998.06.27"]
[EventType "swiss"]
[EventRounds "9"]
[EventCountry "USA"]
[SourceTitle "EXT 1999"]
[Source "ChessBase"]
[SourceDate "1998.11.10"]
[SourceVersion "1"]
[SourceVersionDate "1998.11.10"]
[SourceQuality "1"]

1. d4 d5 2. c4 dxc4 3. Qa4+ Nc6 4. Nf3 g6 5. e4 Bd7 6. Bxc4 Bg7 7. Qb3 e6 8. Bg5 Nge7 9. Qe3 h6 10. Bxe7 Qxe7 11. Nbd2 e5 12. d5 Nd4 13. Rc1 O-O 14. O-O Kh7 15. Nxd4 exd4 16. Qb3 c5 17. Bb5 Bg4 18. f3 Bc8 19. Qc2 b6 20. a4 f5 21. Bd3 Bd7 22. Rce1 Qf7 23. Nc4 Rab8 24. Nd6 Qe7 25. Nb5 fxe4 26. Bxe4 Qg5 27. Nxa7 Rbe8 28. Nc6 h5 29. f4 Qf6 30. Ne5 Bf5 31. b3 Qd6 32. Bxf5 Rxf5 33. Nc4 Qd8 34. Re6 Rxe6 35. dxe6 d3 36. Qd2 Bf6 37. Ne5 Bxe5 38. fxe5 Qd4+ 0-1

[Event "Wch U20"]
[Site "Yerevan"]
[Date "1999.09.18"]
[Round "1"]
[White "Charbonneau, Pascal"]
[Black "Galkin, Alexander"]
[Result "0-1"]
[WhiteElo "2339"]
[BlackElo "2535"]
[PlyCount "80"]
[GameId "1166642086973440"]
[EventDate "1999.09.18"]
[EventType "swiss"]
[EventRounds "13"]
[EventCountry "ARM"]
[SourceTitle "CBM 072 Extra"]
[Source "ChessBase"]
[SourceDate "1999.11.18"]
[SourceVersion "1"]
[SourceVersionDate "1999.11.18"]
[SourceQuality "1"]

1. e4 c5 2. c3 d5 3. exd5 Qxd5 4. d4 Nf6 5. Nf3 e6 6. Be3 cxd4 7. cxd4 Nc6 8. a3 Be7 9. Nc3 Qd6 10. Bd3 b6 11. O-O O-O 12. Qe2 Bb7 13. Rad1 Rad8 14. Bg5 Qb8 15. Bb1 g6 16. Ba2 Rfe8 17. Rfe1 Nh5 18. Be3 Bf6 19. d5 exd5 20. Nxd5 Bg7 21. Qc4 Na5 22. Qh4 Bxd5 23. Bxd5 Nf6 24. Ba2 Rxd1 25. Rxd1 Re4 26. Qh3 Nc4 27. Bd4 b5 28. Ng5 Re7 29. Bxf6 Bxf6 30. Qxh7+ Kf8 31. Qh6+ Bg7 32. Qh4 Nxb2 33. Rb1 Qd6 34. Qg4 Qc5 35. h4 Kg8 36. Qf3 Nc4 37. a4 a6 38. Rc1 Bd4 39. Qf4 Be5 40. Bxc4 Bxf4 0-1

[Event "Wch U20"]
[Site "Yerevan"]
[Date "1999.09.19"]
[Round "2"]
[White "Aschenbrenner, Robert"]
[Black "Charbonneau, Pascal"]
[Result "0-1"]
[WhiteElo "2160"]
[BlackElo "2339"]
[PlyCount "88"]
[GameId "1166642087092224"]
[EventDate "1999.09.18"]
[EventType "swiss"]
[EventRounds "13"]
[EventCountry "ARM"]
[SourceTitle "CBM 072 Extra"]
[Source "ChessBase"]
[SourceDate "1999.11.18"]
[SourceVersion "1"]
[SourceVersionDate "1999.11.18"]
[SourceQuality "1"]

1. e4 c5 2. Nf3 Nc6 3. Bb5 g6 4. c3 Nf6 5. Qe2 Bg7 6. O-O O-O 7. d4 cxd4 8. cxd4 d5 9. e5 Ne4 10. Nc3 Nxc3 11. bxc3 Bd7 12. Bg5 f6 13. e6 Be8 14. Bf4 Na5 15. Bd3 Rc8 16. Rac1 Nc4 17. g4 Nd6 18. Kh1 a6 19. Rg1 Bb5 20. Bxd6 Bxd3 21. Qxd3 Qxd6 22. Rge1 Qf4 23. h3 Rc6 24. Rb1 Rfc8 25. Re3 b5 26. Kg2 Qc7 27. Rb3 Bh6 28. g5 fxg5 29. Ne5 Rxe6 30. Ng4 Rxe3 31. Qxe3 Bg7 32. Qxg5 Qd6 33. Ne3 e6 34. Ng4 Rf8 35. Rb2 Qc7 36. Qe3 Qf7 37. Re2 Re8 38. Qg3 Rc8 39. h4 Qf5 40. h5 Kf7 41. Ne5+ Bxe5 42. Rxe5 Qf6 43. hxg6+ Qxg6 44. Rg5 Qxg5 0-1

[Event "Wch U20"]
[Site "Yerevan"]
[Date "1999.09.20"]
[Round "3"]
[White "Charbonneau, Pascal"]
[Black "Naumann, Alexander"]
[Result "0-1"]
[WhiteElo "2339"]
[BlackElo "2478"]
[PlyCount "64"]
[GameId "1166642087256064"]
[EventDate "1999.09.18"]
[EventType "swiss"]
[EventRounds "13"]
[EventCountry "ARM"]
[SourceTitle "CBM 072 Extra"]
[Source "ChessBase"]
[SourceDate "1999.11.18"]
[SourceVersion "1"]
[SourceVersionDate "1999.11.18"]
[SourceQuality "1"]

1. e4 c5 2. c3 Nf6 3. e5 Nd5 4. d4 cxd4 5. Nf3 Nc6 6. Bc4 Nb6 7. Bb3 d5 8. exd6 Qxd6 9. O-O Be6 10. Na3 dxc3 11. Qe2 Bxb3 12. Nb5 Qb8 13. axb3 e5 14. bxc3 Be7 15. Bg5 f6 16. Be3 Nd5 17. Bxa7 Nxa7 18. Nxa7 Nxc3 19. Qc4 Rxa7 20. Rxa7 Qxa7 21. Qc8+ Bd8 22. Qe6+ Kf8 23. Qc4 Qa5 24. Rc1 Nd5 25. Rd1 Ne7 26. g4 Qb6 27. b4 Ke8 28. b5 Qc7 29. Qb3 Qc8 30. Kh1 Bb6 31. Nd2 Qxg4 32. Rg1 Qd4 0-1

[Event "Wch U20"]
[Site "Yerevan"]
[Date "1999.09.21"]
[Round "4"]
[White "Aranha Filho, Alvaro Zimmermann"]
[Black "Charbonneau, Pascal"]
[Result "1/2-1/2"]
[WhiteElo "2236"]
[BlackElo "2339"]
[PlyCount "113"]
[GameId "1166642087358464"]
[EventDate "1999.09.18"]
[EventType "swiss"]
[EventRounds "13"]
[EventCountry "ARM"]
[SourceTitle "CBM 072 Extra"]
[Source "ChessBase"]
[SourceDate "1999.11.18"]
[SourceVersion "1"]
[SourceVersionDate "1999.11.18"]
[SourceQuality "1"]

1. d4 d5 2. Nf3 Nf6 3. Bf4 c5 4. c3 Nc6 5. e3 Qb6 6. Qb3 c4 7. Qc2 Bf5 8. Qc1 e6 9. Nbd2 h6 10. h3 Be7 11. Be2 O-O 12. O-O Rfc8 13. Bd1 Qd8 14. Bc2 Bxc2 15. Qxc2 b5 16. Ne5 b4 17. f3 a5 18. e4 Na7 19. Ng4 Nb5 20. Nxf6+ Bxf6 21. Rac1 a4 22. Nb1 a3 23. e5 Be7 24. Bd2 b3 25. axb3 a2 26. Na3 Nxa3 27. bxa3 cxb3 28. Qxb3 Rxa3 29. Qc2 Qb6 30. Qd3 Qb2 31. Ra1 Bb4 32. Kh2 Bxc3 33. Rfc1 Rc4 34. Bxc3 Raxc3 35. Rxc3 Rxc3 36. Rxa2 Rxd3 37. Rxb2 Rxd4 38. Kg3 g5 39. Kf2 Kg7 40. g4 Rd1 41. Re2 f6 42. Kg3 fxe5 43. Rxe5 Kf6 44. Re2 d4 45. h4 gxh4+ 46. Kxh4 d3 47. Rh2 e5 48. Kh5 Kg7 49. g5 Kh7 50. Kg4 d2 51. Kf5 e4 52. Rxh6+ Kg7 53. Rh2 exf3 54. Kf4 Kg6 55. Rh6+ Kg7 56. Rh2 Kf7 57. Ke3 1/2-1/2

[Event "Wch U20"]
[Site "Yerevan"]
[Date "1999.09.22"]
[Round "5"]
[White "Charbonneau, Pascal"]
[Black "Dovramadjiev, Tihomir"]
[Result "1/2-1/2"]
[WhiteElo "2339"]
[BlackElo "2254"]
[PlyCount "91"]
[GameId "1166642087526400"]
[EventDate "1999.09.18"]
[EventType "swiss"]
[EventRounds "13"]
[EventCountry "ARM"]
[SourceTitle "CBM 072 Extra"]
[Source "ChessBase"]
[SourceDate "1999.11.18"]
[SourceVersion "1"]
[SourceVersionDate "1999.11.18"]
[SourceQuality "1"]

1. e4 c5 2. Nf3 Nc6 3. c3 d5 4. exd5 Qxd5 5. d4 Bg4 6. Be2 e6 7. h3 Bh5 8. c4 Qd7 9. d5 exd5 10. cxd5 Bxf3 11. Bxf3 Nd4 12. O-O Nf6 13. Nc3 Be7 14. Be3 Nxf3+ 15. Qxf3 O-O 16. Rad1 Bd6 17. Bg5 Ne8 18. Rfe1 b6 19. Ne4 f6 20. Bc1 Be5 21. d6 Rd8 22. Qb3+ Qf7 23. d7 Qxb3 24. axb3 Nc7 25. b4 Bd4 26. bxc5 bxc5 27. b4 Rxd7 28. Nxc5 Rd5 29. Bf4 Bxc5 30. bxc5 Rxd1 31. Rxd1 Ne6 32. Bd6 Rc8 33. Rc1 Rc6 34. Kf1 Kf7 35. Ke2 Nd8 36. Bb8 Ra6 37. Rc2 Nc6 38. Rb2 Ke6 39. Bd6 Nd4+ 40. Kd3 Kd5 41. Kc3 Ra3+ 42. Kb4 Ra1 43. Bf8 g6 44. Kc3 Ra3+ 45. Kb4 Ra1 46. Kc3 1/2-1/2

[Event "Wch U20"]
[Site "Yerevan"]
[Date "1999.09.23"]
[Round "6"]
[White "Bognar, Csaba"]
[Black "Charbonneau, Pascal"]
[Result "0-1"]
[WhiteElo "2237"]
[BlackElo "2339"]
[PlyCount "44"]
[GameId "1166642087657472"]
[EventDate "1999.09.18"]
[EventType "swiss"]
[EventRounds "13"]
[EventCountry "ARM"]
[SourceTitle "CBM 072 Extra"]
[Source "ChessBase"]
[SourceDate "1999.11.18"]
[SourceVersion "1"]
[SourceVersionDate "1999.11.18"]
[SourceQuality "1"]

1. d4 d5 2. c4 dxc4 3. Nf3 Nf6 4. e3 e6 5. Bxc4 c5 6. O-O a6 7. a4 Nc6 8. Qe2 Qc7 9. Rd1 Bd6 10. Nc3 O-O 11. h3 b6 12. Ng5 Bb7 13. d5 exd5 14. Nxd5 Nxd5 15. Bxd5 Rad8 16. Bd2 Bh2+ 17. Kh1 Rxd5 18. f4 Rxg5 19. fxg5 Be5 20. Be1 Qe7 21. h4 Bc7 22. Ra3 Qe5 0-1

[Event "Wch U20"]
[Site "Yerevan"]
[Date "1999.09.24"]
[Round "7"]
[White "Charbonneau, Pascal"]
[Black "Arutinian, David"]
[Result "1-0"]
[WhiteElo "2339"]
[BlackElo "2318"]
[PlyCount "91"]
[GameId "1166642087804928"]
[EventDate "1999.09.18"]
[EventType "swiss"]
[EventRounds "13"]
[EventCountry "ARM"]
[SourceTitle "CBM 072 Extra"]
[Source "ChessBase"]
[SourceDate "1999.11.18"]
[SourceVersion "1"]
[SourceVersionDate "1999.11.18"]
[SourceQuality "1"]

1. e4 c5 2. c3 d5 3. exd5 Qxd5 4. d4 Nf6 5. Be3 cxd4 6. cxd4 e6 7. Nf3 Nc6 8. Nc3 Qd6 9. a3 Be7 10. Bd3 O-O 11. O-O Bd7 12. Qe2 Rac8 13. Rad1 Rfd8 14. Bg5 Be8 15. Rfe1 Qb8 16. Bb1 h6 17. Bh4 a6 18. d5 Nxd5 19. Nxd5 Bxh4 20. Qe4 Rxd5 21. Rxd5 Bf6 22. Rd2 g6 23. Red1 Kg7 24. h4 h5 25. Ng5 Ne7 26. Qf3 Nd5 27. Be4 Bc6 28. Bxg6 fxg6 29. Nxe6+ Kh7 30. Rxd5 Bxd5 31. Qxf6 Bxe6 32. Qxe6 Rc7 33. g3 Rg7 34. Qf6 Qe8 35. Rd8 Qe7 36. Qxe7 Rxe7 37. Rd6 Kg7 38. Rb6 Rd7 39. Kg2 Re7 40. f4 Rd7 41. f5 gxf5 42. Kf3 Kg8 43. Kf4 Rg7 44. Kxf5 Kf8 45. Rg6 Rc7 46. Rg5 1-0

[Event "Wch U20"]
[Site "Yerevan"]
[Date "1999.09.25"]
[Round "8"]
[White "Mchedlishvili, Mikheil"]
[Black "Charbonneau, Pascal"]
[Result "1-0"]
[WhiteElo "2441"]
[BlackElo "2339"]
[PlyCount "68"]
[GameId "1166642087997440"]
[EventDate "1999.09.18"]
[EventType "swiss"]
[EventRounds "13"]
[EventCountry "ARM"]
[SourceTitle "CBM 072 Extra"]
[Source "ChessBase"]
[SourceDate "1999.11.18"]
[SourceVersion "1"]
[SourceVersionDate "1999.11.18"]
[SourceQuality "1"]

1. d4 d5 2. Nf3 Nf6 3. c4 dxc4 4. Nc3 a6 5. e4 b5 6. e5 Nd5 7. a4 Nxc3 8. bxc3 Qd5 9. g3 Bb7 10. Bg2 Qd7 11. Ba3 g6 12. h4 Bg7 13. h5 O-O 14. Kf1 Bd5 15. Ng5 Bxg2+ 16. Kxg2 Qd5+ 17. Qf3 Qxf3+ 18. Nxf3 Nc6 19. h6 Bh8 20. Bc5 f6 21. e6 Rfb8 22. Rhb1 Nd8 23. axb5 Nxe6 24. bxa6 Re8 25. Rb7 f5 26. a7 Nxc5 27. dxc5 Bxc3 28. Rc1 Bf6 29. Rxc4 Rec8 30. Nd4 Kf7 31. Nb5 Be5 32. f4 c6 33. Nd6+ Bxd6 34. cxd6 Re8 1-0

[Event "Wch U20"]
[Site "Yerevan"]
[Date "1999.09.26"]
[Round "9"]
[White "Charbonneau, Pascal"]
[Black "Khamrakulov, Ibragim S"]
[Result "1-0"]
[WhiteElo "2339"]
[BlackElo "2383"]
[PlyCount "85"]
[GameId "1166642088079360"]
[EventDate "1999.09.18"]
[EventType "swiss"]
[EventRounds "13"]
[EventCountry "ARM"]
[SourceTitle "CBM 072 Extra"]
[Source "ChessBase"]
[SourceDate "1999.11.18"]
[SourceVersion "1"]
[SourceVersionDate "1999.11.18"]
[SourceQuality "1"]

1. e4 c5 2. Nf3 Nc6 3. d4 cxd4 4. Nxd4 Qb6 5. Nb3 Nf6 6. Nc3 e6 7. Bd3 Bb4 8. Bd2 Ne5 9. O-O O-O 10. Be2 Nc6 11. Be3 Qc7 12. Nb5 Qb8 13. c4 Nxe4 14. f3 Nd6 15. a3 Nf5 16. Bf2 Be7 17. g4 Nd6 18. Bg3 e5 19. Nc3 Ne8 20. Nd5 b6 21. Qd2 d6 22. f4 Nf6 23. Nxf6+ Bxf6 24. g5 Bd8 25. f5 Ne7 26. f6 Nf5 27. Bf3 Nxg3 28. hxg3 Bb7 29. Qd3 e4 30. Bxe4 Bxe4 31. Qxe4 d5 32. Qh4 Re8 33. Nd4 Re4 34. Rae1 Qe5 35. Nf3 Qf5 36. cxd5 Rxe1 37. Rxe1 Bxf6 38. gxf6 Qxf3 39. d6 Qxf6 40. d7 g5 41. Re8+ Kg7 42. Rxa8 gxh4 43. d8=Q 1-0

[Event "Wch U20"]
[Site "Yerevan"]
[Date "1999.09.27"]
[Round "10"]
[White "Chibukhchian, Artur"]
[Black "Charbonneau, Pascal"]
[Result "1-0"]
[WhiteElo "2413"]
[BlackElo "2339"]
[PlyCount "83"]
[GameId "1166642088226816"]
[EventDate "1999.09.18"]
[EventType "swiss"]
[EventRounds "13"]
[EventCountry "ARM"]
[SourceTitle "CBM 072 Extra"]
[Source "ChessBase"]
[SourceDate "1999.11.18"]
[SourceVersion "1"]
[SourceVersionDate "1999.11.18"]
[SourceQuality "1"]

1. d4 d5 2. Nc3 Nf6 3. Bg5 c5 4. Bxf6 gxf6 5. e3 Nc6 6. Bb5 Rg8 7. Nge2 a6 8. Bxc6+ bxc6 9. O-O cxd4 10. exd4 Bg4 11. Qd3 e6 12. Qxh7 Rg7 13. Qd3 Bd6 14. Ng3 Kd7 15. f3 Bxg3 16. fxg4 Bd6 17. h3 f5 18. gxf5 Qh4 19. fxe6+ fxe6 20. Rae1 Rag8 21. Re2 Rg3 22. Rf7+ Kd8 23. Rf3 Qxh3 24. Rxg3 Rxg3 25. Qxa6 Rg7 26. Rf2 Qh2+ 27. Kf1 Qh1+ 28. Ke2 Qc1 29. Qd3 Rg3 30. Qd2 Qxb2 31. Nd1 Qb5+ 32. Ke1 Rg6 33. Rf3 Bg3+ 34. Nf2 Bh4 35. Rb3 Qc4 36. Qa5+ Ke8 37. Rb8+ Kf7 38. Rb7+ Be7 39. Qc7 Qc3+ 40. Kf1 Qa3 41. Nd3 Rg7 42. Ra7 1-0

[Event "Wch U20"]
[Site "Yerevan"]
[Date "1999.09.28"]
[Round "11"]
[White "Charbonneau, Pascal"]
[Black "Vajda, Levente"]
[Result "0-1"]
[WhiteElo "2339"]
[BlackElo "2462"]
[PlyCount "92"]
[GameId "1166642088361984"]
[EventDate "1999.09.18"]
[EventType "swiss"]
[EventRounds "13"]
[EventCountry "ARM"]
[SourceTitle "CBM 072 Extra"]
[Source "ChessBase"]
[SourceDate "1999.11.18"]
[SourceVersion "1"]
[SourceVersionDate "1999.11.18"]
[SourceQuality "1"]

1. e4 c5 2. Nf3 d6 3. d4 cxd4 4. Nxd4 Nf6 5. Nc3 a6 6. Be3 e5 7. Nb3 Be6 8. f3 Nbd7 9. Qd2 b5 10. a4 b4 11. Nd5 Bxd5 12. exd5 Nb6 13. Bxb6 Qxb6 14. a5 Qb7 15. Bc4 Rc8 16. Qd3 Rxc4 17. Qxc4 Nxd5 18. Qe4 f5 19. Qxf5 Ne3 20. Qe6+ Be7 21. Kf2 Qa7 22. Kg3 Rf8 23. h3 Rf6 24. Qc8+ Kf7 25. Kh2 d5 26. Rhe1 h5 27. Nd2 Qd4 28. Re2 Nf5 29. c3 Qf4+ 30. Kg1 Ng3 31. Rae1 Nxe2+ 32. Rxe2 bxc3 33. bxc3 Re6 34. Qd7 Rd6 35. Qc7 Qf5 36. Nf1 Qe6 37. Nd2 Kg8 38. c4 Bd8 39. Qb8 dxc4 40. Ne4 Rd1+ 41. Kh2 Qf7 42. Qc8 Qf4+ 43. g3 Qxf3 44. Qxc4+ Kh8 45. Nf2 Rf1 46. Qc2 h4 0-1

[Event "Wch U20"]
[Site "Yerevan"]
[Date "1999.09.29"]
[Round "12"]
[White "Krejci, Jakub"]
[Black "Charbonneau, Pascal"]
[Result "0-1"]
[WhiteElo "2221"]
[BlackElo "2339"]
[PlyCount "106"]
[GameId "1166642088534016"]
[EventDate "1999.09.18"]
[EventType "swiss"]
[EventRounds "13"]
[EventCountry "ARM"]
[SourceTitle "CBM 072 Extra"]
[Source "ChessBase"]
[SourceDate "1999.11.18"]
[SourceVersion "1"]
[SourceVersionDate "1999.11.18"]
[SourceQuality "1"]

1. e4 c5 2. Nf3 Nc6 3. d4 cxd4 4. Nxd4 e5 5. Nb5 d6 6. a4 Be6 7. N1c3 a6 8. Na3 Be7 9. Bc4 Nf6 10. Bg5 O-O 11. Bxf6 Bxf6 12. O-O Rc8 13. Bd5 Bg5 14. Re1 Qe7 15. Nc4 Nd4 16. Nb6 Rc5 17. a5 Qc7 18. Qd3 Qe7 19. b3 Bf4 20. Nc4 Qh4 21. h3 Qh6 22. Bxe6 fxe6 23. Ne2 d5 24. Na3 Bd2 25. Red1 Nxe2+ 26. Qxe2 Bc3 27. Ra2 Rxa5 28. Nb1 Rxa2 29. Nxc3 Ra5 30. exd5 exd5 31. b4 Ra3 32. Qxe5 Qc6 33. Qxd5+ Qxd5 34. Nxd5 Ra2 35. Ne3 Rb2 36. Rd4 Rb1+ 37. Nd1 Rc8 38. Kh2 Rxc2 39. Rd8+ Kf7 40. Ne3 Rxf2 41. Rd7+ Kg6 42. Rxb7 Rbb2 43. Kg3 Rf6 44. Nd5 Rd6 45. Ne7+ Kf6 46. Kf3 Rb3+ 47. Kf2 Rd2+ 48. Kg1 Rbb2 49. Ng8+ Kg6 50. Ne7+ Kg5 51. Kh1 Rxg2 52. Nd5 Rgd2 53. Nc3 Rdc2 0-1